Nouveau manuel complet de numismatique ancienne : ouvrage orné d'un atlas... / (Record no. 30466)

MARC details
000 -LEADER
campo de control de longitud fija 00684nam a2200193 i 4500
001 - NÚMERO DE CONTROL
campo de control 30466
003 - IDENTIFICADOR DE NÚMERO DE CONTROL
campo de control ES-MaACL
005 - FECHA Y HORA DE LA ÚLTIMA TRANSACCIÓN
campo de control 20251011063055.0
007 - CAMPO FIJO DE DESCRIPCIÓN FÍSICA--INFORMACIÓN GENERAL
campo de control de longitud fija t|
008 - DATOS DE LONGITUD FIJA--INFORMACIÓN GENERAL
campo de control de longitud fija 030124s1851 fr ||||1| fre d
100 1# - ENTRADA PRINCIPAL--NOMBRE DE PERSONA
Nombre de persona Barthélémy, Anatole de,
Fechas asociadas al nombre 1821-1904
9 (RLIN) 26119
245 10 - MENCIÓN DEL TÍTULO
Título Nouveau manuel complet de numismatique ancienne : ouvrage orné d'un atlas... /
Mención de responsabilidad, etc. par J.B.A.A. Barthelemy.
260 ## - PUBLICACIÓN, DISTRIBUCIÓN, ETC.
Lugar de publicación, distribución, etc. París :
Nombre del editor, distribuidor, etc. [s.n.],
Fecha de publicación, distribución, etc. 1851 (
Fabricante Crapelet)
300 ## - DESCRIPCIÓN FÍSICA
Extensión 3 v. ;
Dimensiones 15 cm.
505 8# - NOTA DE CONTENIDO CON FORMATO
Nota de contenido con formato Contiene: I: Numismatique ancienne. II: Numismatique du moyen age et moderne. III: Atlas
650 #7 - PUNTO DE ACCESO ADICIONAL DE MATERIA--TÉRMINO DE MATERIA
Término de materia o nombre geográfico como elemento de entrada Numismática
Fuente del encabezamiento o término embne
9 (RLIN) 15648
852 ## - LOCALIZACIÓN
Ubicación ES-MaACL
Número de control de estantería F-916-18
Holdings
Estatus retirado Estado de pérdida Estado de daño No para préstamo Colección Biblioteca de origen Biblioteca actual Ubicación en estantería Fecha de adquisición Fuente de adquisición Total de préstamos Signatura topográfica completa Código de barras Visto por última vez Precio de reemplazo Tipo de ítem Koha
        Libros del s. XIX Biblioteca del Ateneo de Madrid Biblioteca del Ateneo de Madrid Depósito 2 17/01/2008     F-916-18 1031455 23/02/2023 23/02/2023 Libro impreso antiguo